On the number of simply connected minimal surfaces spanning a curve

Αποθηκεύτηκε σε:
Λεπτομέρειες βιβλιογραφικής εγγραφής
Κύριος συγγραφέας: Tromba, Anthony
Μορφή: Βιβλίο
Γλώσσα:English
Δημοσίευση: Providence, R.I. : American Mathematical Society, 1977
Σειρά:Memoirs of the American Mathematical Society ; ; 194
Θέματα:
Ετικέτες: Προσθήκη ετικέτας
Δεν υπάρχουν, Καταχωρήστε ετικέτα πρώτοι!

MARC

LEADER 00000cam a2200000 i 4500
001 1/48564
008 941103s1977 eng d
020 |a 0821821946 
035 |l 10043372 
035 |a 1993 
040 |a GR-MY-UA  |b gre  |e aacr 
041 0 |a eng 
082 0 |a 516.362 
100 1 |a Tromba, Anthony. 
245 1 0 |a On the number of simply connected minimal surfaces spanning a curve /  |c A. J. Tromba 
260 |a Providence, R.I. :   |b American Mathematical Society,   |c 1977 
300 |a v, 121 p.;  |c 26 cm 
490 1 |a Memoirs of the American Mathematical Society ; no. 194 
504 |a Bibliography: p. 118-121 
650 0 0 |a Minimal surfaces. 
650 0 0 |a Critical point theory (Mathematical analysis) 
650 0 0 |a Boundary value problems. 
830 0 |a Memoirs of the American Mathematical Society ;  |v ; 194 
852 |a INST  |b SAMOS  |e 19941103  |h 516.362 TRO  |p 005300007678  |q 005300007678  |t BK  |y 0 
909 |a Σ  |b 033390